Participación en la comunidad (Record no. 3989)
[ view plain ]
| 000 -CABECERA | |
|---|---|
| campo de control de longitud fija | 00447caa a22001692a 4500 |
| 001 - NÚMERO DE CONTROL | |
| campo de control | 001211 |
| 003 - IDENTIFICADOR DEL NÚMERO DE CONTROL | |
| campo de control | AR-FADEU |
| 008 - DATOS DE LONGITUD FIJA--INFORMACIÓN GENERAL | |
| campo de control de longitud fija | 311216n############xxu####################dd |
| 092 ## - ASIGNACIÓN LOCAL DE SIGNATURA TOPOGRÁFICA DEWEY (OCLC) | |
| Número de clasificación | PP(361.8)PAR |
| 245 ## - MENCIÓN DE TÍTULO | |
| Resto del título | Serie sobre información-publicidad y ayudas audiovisuales |
| 245 ## - MENCIÓN DE TÍTULO | |
| Título | Participación en la comunidad |
| 260 ## - PUBLICACIÓN, DISTRIBUCIÓN, ETC. (PIE DE IMPRENTA) | |
| Fecha de publicación, distribución, etc. | mar. 1972 |
| 300 ## - DESCRIPCIÓN FÍSICA | |
| Extensión | 71-77 |
| 440 ## - MENCIÓN DE SERIE/PUNTO DE ACCESO ADICIONAL--TÍTULO | |
| Número de parte o sección de la obra | 71-77 |
| 650 ## - PUNTO DE ACCESO ADICIONAL DE MATERIA--TÉRMINO DE MATERIA | |
| Término de materia o nombre geográfico como elemento inicial | COMUNIDAD-MEDIOS DE COMUNICACION |
| 942 ## - ELEMENTOS DE PUNTO DE ACCESO ADICIONAL (KOHA) | |
| Tipo de ítem Koha | PPGR |
No items available.